000 02134nam0a2200385 4500
001 RU\NLR\bibl\1652063
005 20260405085637.0
010 _a978-5-8114-1041-5
_91500
021 _aRU
_b2010-40911
_92743
035 _a(NLR Aleph) 001643382
090 _a876094
_c876094
100 _a20100705d2010 |||y0rusy50 ca
101 0 _arus
102 _aRU
105 _aa |||||||||
200 1 _aПчеловодство
_eучебник для студентов высших учебных заведений, обучающихся по специальностям 110401 - зоотехния и 111201 - Ветеринария
_fН.И. Кривцов, Р.Б. Козин, В.И. Лебедев, В.И. Масленникова
210 _aСанкт-Петербург [и др.]
_cЛань
_d2010
215 _a447 с.
_cил.
_d25
320 _aБиблиогр.: с. 439-443
325 _aКопия доступна в Электрон. б-ке РНБ http://vivaldi.nlr.ru/bx000033027/view
606 1 _aПчеловодство
_jУчебники для высших учебных заведений
_9998796
_3RU\NLR\auth\6660675
686 _aП691я73-1
701 1 _4070
_7ca
_8rus
_aКривцов
_bН. И.
_cд-р с.-х. наук
_f1945-2011
_gНиколай Иванович
_9246363
_3RU\NLR\AUTH\770246419
701 1 _aКозин
_bР. Б.
_gРоберт Борисович
_4070
701 1 _4070
_8rus
_7ca
_aЛебедев
_bВ. И.
_f1950-
_cд-р с.-х. наук, пчеловодство
_gВячеслав Иванович
_3RU\NLR\auth\7731558
_914568
701 1 _aМасленникова
_bВ. И.
_gВалерия Ивановна
_4070
801 0 _aRU
_bNLR
_c20100705
_gRCR
801 1 _aRU
_bNLR
_c20100705
942 _cBOOK
980 _aNB
981 1 3 _a(13) Документы, защищенные авторским правом
_b(13) Современная научная, научно-популярная и популярная литература